000 00489nam a22001817a 4500
005 20251108164330.0
008 250721s1995 xx 000 0 ara d
082 1 4 _a493.1/شحا
100 1 _aإسماعيل، شحاته محمد
245 1 0 _aقراءات في حجر رشيد /
264 1 _aالقاهرة :
_c1995.
300 _a158ص
650 1 7 _aحجر رشيد
650 1 7 _aالكتابة الهيروغليفية
650 1 7 _aمصر
942 _2ddc
_cBK
999 _c9541
_d9541